| 000 | 00425nam a2200121Ia 4500 | ||
|---|---|---|---|
| 008 | 160712s9999 xx 000 0 und d | ||
| 100 | _aFrias, Kristina Paola P. | ||
| 245 |
_cKristina Paola P. Frias _aPhilippine Business and the Regulatory Environment |
||
| 260 |
_c2015 _bPhilippine Management Review |
||
| 300 | _avol. 22 | ||
| 650 | _xMANAGEMENT | ||
| 856 | _uhttp://journals.upd.edu.ph/index.php/pmr/issue/view/476/showToc | ||
| 999 |
_c297085 _d297085 |
||